Myslia na ľudí i prírodu

Bibliographic Details
Main Author: Ukrop, Ján (Author)
Format: Article
Language:Slovak
Subjects:

MARC

LEADER 00000nab a2200000 a 4500
001 vtls000271682
003 SK-MaSNL
005 20260305042232.0
008 111130c1987 xo 0 slo
015 |a SNBRB19rr/mm-uuuuu 
035 |a CL0281796 
040 |a SNKBUCL  |b slo  |c SNKBUCL  |e AACR2 
041 0 |a slo 
044 |a xo  |c SK 
080 |a 329.15(437.6)  |2 1981 
100 1 |a Ukrop, Ján  |4 aut  |9 563573 
245 1 0 |a Myslia na ľudí i prírodu  |c Ján Ukrop 
610 2 7 |a Komunistická strana Slovenska  |2 snkbucl  |9 30182 
651 7 |a Stredoslovenský kraj (Slovensko)  |2 snkbucl  |9 161135 
655 7 |a články z novín a časopisov  |2 snkbucl  |9 267496 
773 0 |t Smer  |g Roč. 39, č. 64 (18. 3. 1987), s. 1 
850 |a Slovenská národná knižnica v Martine  |a MTA001 
852 |a SNK  |b KIS3GCP 
958 |a RK 
992 |a RBX 
999 |c 3347643  |d 3349573